000 00453nam a2200193Ia 4500
003 0100
008 130303s9999 xx 000 0 und d
040 _cARRUPELIB
050 _aJA37.F551952
100 _aFlechtleim, Ossip Kurt
245 _aFundamentals of political science
260 _aNew York
260 _bRonald Press Co.
260 _C1952
300 _a587 p.
300 _b 24 cm
700 _aOssip Kurt Flechtleim
942 0 0 _05
999 _c54769
_d54769